[Event "4NCL/Div3/MET vs. LIT1"]
[Site "Hinckley Island ENG"]
[Date "2009.03.22"]
[Round "8.2"]
[White "Sugden, John N"]
[Black "Fegan, Chris"]
[Result "1-0"]
[WhiteElo "2184"]
[BlackElo "2091"]
[PlyCount "45"]
[EventDate "2009.03.22"]
[EventCountry "ENG"]
[SourceDate "2008.10.04"]

1. d4 d6 2. e4 Nf6 3. f3 e5 4. d5 Be7 5. Be3 c6 6. c4 O-O 7. Qd2 Nbd7 8. Bd3
Nb6 9. Nc3 Nh5 10. b3 Nf4 11. Bc2 a5 12. g3 Nh5 13. Nge2 Bh3 14. Rg1 Bd7 15. g4
Bh4+ 16. Kf1 a4 17. dxc6 bxc6 18. Kg2 Nf6 19. Qxd6 Re8 20. Rad1 axb3 21. Bxb3
Rb8 22. c5 Nc8 23. Qxb8 1-0

[Event "4NCL/Div3/MET vs. LIT1"]
[Site "Hinckley Island ENG"]
[Date "2009.03.22"]
[Round "8.3"]
[White "Calvert, D Ian"]
[Black "Salisbury, Michael W"]
[Result "1/2-1/2"]
[WhiteElo "2051"]
[BlackElo "2119"]
[PlyCount "32"]
[EventDate "2009.03.22"]
[EventCountry "ENG"]
[SourceDate "2008.10.04"]

1. b3 Nf6 2. Bb2 g6 3. Nf3 d5 4. c4 c6 5. g3 Bg7 6. Bg2 O-O 7. O-O Re8 8. d4
Bg4 9. Nbd2 Bxf3 10. Bxf3 Nbd7 11. e4 dxe4 12. Nxe4 Nxe4 13. Bxe4 Nc5 14. dxc5
Bxb2 15. Rb1 Bd4 16. b4 e5 1/2-1/2

[Event "4NCL/Div3/MET vs. LIT1"]
[Site "Hinckley Island ENG"]
[Date "2009.03.22"]
[Round "8.4"]
[White "Compton, Alistair"]
[Black "Vachtfeidl, Petr"]
[Result "1/2-1/2"]
[WhiteElo "2079"]
[BlackElo "2005"]
[PlyCount "107"]
[EventDate "2009.03.22"]
[EventCountry "ENG"]
[SourceDate "2008.10.04"]

1. e4 c5 2. Nc3 Nc6 3. Bb5 Nd4 4. Bc4 e6 5. Nge2 Nf6 6. O-O a6 7. d3 b5 8. Bb3
Bb7 9. Nxd4 cxd4 10. Ne2 Qb6 11. h3 d5 12. e5 Nd7 13. f4 Be7 14. Qe1 a5 15. a4
b4 16. Qf2 Bc5 17. Bd2 O-O-O 18. Kh1 g6 19. Be1 g5 20. fxg5 Nxe5 21. Qf4 Ng6
22. Qf6 Rd7 23. Bg3 Qd8 24. c3 Qxf6 25. gxf6 dxc3 26. bxc3 bxc3 27. Nxc3 h5 28.
Rac1 Be3 29. Nxd5+ Bxc1 30. Nb6+ Kd8 31. Nxd7 Be3 32. Ne5 Nxe5 33. Bxe5 h4 34.
Bd1 Bc6 35. Bf3 Bxf3 36. Rxf3 Bb6 37. d4 Kd7 38. Rc3 Rh5 39. Kh2 Rf5 40. Rc2
Rf1 41. Rd2 Ra1 42. Rb2 Bd8 43. Rb7+ Ke8 44. d5 Re1 45. Bc3 Rd1 46. dxe6 fxe6
47. Bb2 Rf1 48. Rh7 Rf2 49. f7+ Rxf7 50. Rxf7 Kxf7 51. Be5 Kg6 52. g4 hxg3+ 53.
Kxg3 Kf5 54. Bc3 1/2-1/2

[Event "4NCL/Div3/MET vs. LIT1"]
[Site "Hinckley Island ENG"]
[Date "2009.03.22"]
[Round "8.5"]
[White "Murphy, Kieran"]
[Black "Jones, Christopher M"]
[Result "0-1"]
[WhiteElo "2048"]
[BlackElo "1950"]
[PlyCount "56"]
[EventDate "2009.03.22"]
[EventCountry "ENG"]
[SourceDate "2008.10.04"]

1. Nf3 Nc6 2. d4 d5 3. c4 e5 4. dxe5 d4 5. a3 Nge7 6. e3 Bg4 7. e6 fxe6 8. Be2
dxe3 9. Bxe3 Nf5 10. Bg5 Qxd1+ 11. Bxd1 Bxf3 12. Bxf3 Ne5 13. Bxb7 Rb8 14. Ba6
Rb6 15. Bb5+ c6 16. Ba4 Nd3+ 17. Kd2 Nxb2 18. Bc2 Nxc4+ 19. Kc3 Ncd6 20. Re1
Nb5+ 21. Kd2 Kf7 22. Bxf5 exf5 23. Be3 c5 24. Rc1 Be7 25. Bxc5 Rd8+ 26. Ke2
Re6+ 27. Kf3 Rc8 28. a4 Nd4+ 0-1

[Event "4NCL/Div3/MET vs. LIT1"]
[Site "Hinckley Island ENG"]
[Date "2009.03.22"]
[Round "8.6"]
[White "Gibson, Christopher A"]
[Black "Cooke, Charlie"]
[Result "1-0"]
[WhiteElo "1964"]
[BlackElo "1880"]
[PlyCount "147"]
[EventDate "2009.03.22"]
[EventCountry "ENG"]
[SourceDate "2008.10.04"]

1. d4 d5 2. c4 e6 3. Nc3 Nf6 4. Bg5 Be7 5. Nf3 O-O 6. e3 Ne4 7. Bxe7 Qxe7 8.
Qb3 Nxc3 9. bxc3 c6 10. Bd3 Nd7 11. cxd5 exd5 12. O-O Kh8 13. Rfc1 Nb6 14. Ne5
Be6 15. Rab1 f6 16. Nf3 Rfb8 17. Nh4 Nc4 18. Qd1 Qf7 19. Qe2 b5 20. Bxc4 dxc4
21. e4 g6 22. f4 Re8 23. Qf2 a5 24. f5 gxf5 25. Nxf5 Bxf5 26. Qxf5 Qg6 27. Qxg6
hxg6 28. Re1 Kg7 29. a3 Kf7 30. Kf2 Ke6 31. Re3 Kd6 32. Rf3 Rf8 33. Rg3 Rg8 34.
Rf3 Rgf8 35. Re1 Rae8 36. Rg3 Rg8 37. Rf3 Rgf8 38. h3 Ke6 39. Rg3 Kf7 40. Rf3
Ke6 41. g4 Rh8 42. Kg2 Rhf8 43. Ref1 Ke7 44. Kg3 Rd8 45. h4 Rc8 46. h5 gxh5 47.
gxh5 Rg8+ 48. Kh4 Rcf8 49. Rf5 Rg5 50. h6 Rg2 51. R1f3 Rh8 52. Rxf6 Rh2+ 53.
Kg3 R2xh6 54. Rf7+ Ke6 55. Rc7 Rh3+ 56. Kf2 Rxf3+ 57. Kxf3 Kd6 58. Rg7 Rh3+ 59.
Kf4 Rxc3 60. e5+ Ke6 61. Rc7 Rxa3 62. Rxc6+ Kd7 63. d5 Rd3 64. e6+ Ke7 65. Rc7+
Kd6 66. Rd7+ Kc5 67. e7 Rxd5 68. Rxd5+ Kxd5 69. e8=Q Kc5 70. Qe7+ Kc6 71. Qa3
Kb6 72. Ke4 b4 73. Qa4 c3 74. Kd5 1-0

[Event "4NCL/Div3/FCA2 vs. KJCAK"]
[Site "Hinckley Island ENG"]
[Date "2009.03.22"]
[Round "8.1"]
[White "Ioannides, Milton"]
[Black "Jones, William"]
[Result "0-1"]
[WhiteElo "2076"]
[BlackElo "2030"]
[PlyCount "64"]
[EventDate "2009.03.22"]
[EventCountry "ENG"]
[SourceDate "2008.10.04"]

1. b4 d5 2. Bb2 Qd6 3. a3 e5 4. e3 Bf5 5. d4 e4 6. c4 c6 7. Nc3 Nf6 8. c5 Qc7
9. f4 h5 10. Qd2 h4 11. Nge2 Be7 12. h3 Nh5 13. b5 g5 14. a4 gxf4 15. Nxf4 Nxf4
16. exf4 Nd7 17. a5 a6 18. b6 Qc8 19. O-O-O Nf6 20. Qe3 Nh5 21. Ne2 Rg8 22. Bc3
Ng3 23. Rg1 Qe6 24. Be1 Nxf1 25. Rxf1 Rxg2 26. Rg1 Bxh3 27. Rxg2 Bxg2 28. Qf2
Bf3 29. Rd2 Bg4 30. Qh2 Kd7 31. Bxh4 Qh6 32. Qg3 Qxh4 0-1

[Event "4NCL/Div3/FCA2 vs. KJCAK"]
[Site "Hinckley Island ENG"]
[Date "2009.03.22"]
[Round "8.2"]
[White "Jones, Victor"]
[Black "Valentine, Brian J"]
[Result "1-0"]
[WhiteElo "1993"]
[BlackElo "1997"]
[PlyCount "81"]
[EventDate "2009.03.22"]
[EventCountry "ENG"]
[SourceDate "2008.10.04"]

1. e4 e5 2. Nf3 Nc6 3. Bb5 a6 4. Ba4 Nf6 5. O-O Be7 6. Re1 b5 7. Bb3 d6 8. c3
O-O 9. h3 Bb7 10. d4 Re8 11. Nbd2 Bf8 12. d5 Nb8 13. Nf1 Nbd7 14. N3h2 c6 15.
dxc6 Bxc6 16. Bg5 h6 17. Bxf6 Nxf6 18. Ng3 Ra7 19. Ng4 Nxg4 20. hxg4 g6 21. Qf3
Kg7 22. Red1 Qg5 23. Rd3 a5 24. Rad1 Rc8 25. Bd5 b4 26. cxb4 axb4 27. Bc4 Ba4
28. Bb3 Bb5 29. Rd5 Bc4 30. Bxc4 Rxc4 31. Ne2 Rc2 32. Rb1 Rac7 33. a3 bxa3 34.
bxa3 Qd8 35. Rb3 Qc8 36. Rdd3 Qa6 37. Nc3 Rc1+ 38. Kh2 Qa5 39. Nd5 Rd7 40. Qf6+
Kg8 41. Rb8 1-0

[Event "4NCL/Div3/FCA2 vs. KJCAK"]
[Site "Hinckley Island ENG"]
[Date "2009.03.22"]
[Round "8.3"]
[White "Elwin, Adrian G"]
[Black "Bayliss, Lyall C P"]
[Result "1-0"]
[WhiteElo "2009"]
[BlackElo "1971"]
[PlyCount "111"]
[EventDate "2009.03.22"]
[EventCountry "ENG"]
[SourceDate "2008.10.04"]

1. d4 Nf6 2. c4 g6 3. Nc3 d5 4. cxd5 Nxd5 5. e4 Nxc3 6. bxc3 Bg7 7. Bc4 O-O 8.
Ne2 c5 9. Be3 Qa5 10. O-O cxd4 11. cxd4 Nc6 12. d5 Ne5 13. Bb3 Bd7 14. f4 Ng4
15. Bd4 Bxd4+ 16. Qxd4 Bb5 17. Rae1 Rac8 18. h3 Nf6 19. Qe3 Qb4 20. e5 Ne4 21.
Nd4 Bxf1 22. Qxe4 Bd3 23. Qe3 Bc4 24. f5 Bxb3 25. axb3 Qc3 26. e6 Qxe3+ 27.
Rxe3 fxe6 28. Rxe6 gxf5 29. Rxe7 Rf7 30. Re5 Rc1+ 31. Kh2 Rd1 32. Nxf5 Rd7 33.
d6 Kf7 34. g4 Rd3 35. Rb5 a6 36. Rb4 Kf6 37. Kg2 Ke5 38. h4 h5 39. Ng3 Kxd6 40.
Nxh5 Kc5 41. Rf4 Rxb3 42. g5 Rd2+ 43. Rf2 Rxf2+ 44. Kxf2 Rh3 45. g6 Rxh4 46. g7
Rg4 47. Kf3 Rg6 48. Kf4 a5 49. Kf5 Rg1 50. Kf4 a4 51. Ng3 Kb4 52. g8=Q Rb1 53.
Ne4 Ka3 54. Qf8+ Rb4 55. Ke3 Kb3 56. Nd2+ 1-0

[Event "4NCL/Div3/FCA2 vs. KJCAK"]
[Site "Hinckley Island ENG"]
[Date "2009.03.22"]
[Round "8.4"]
[White "Lunn, Matt"]
[Black "Adebajo, Femi"]
[Result "1-0"]
[WhiteElo "1882"]
[BlackElo "2019"]
[PlyCount "105"]
[EventDate "2009.03.22"]
[EventCountry "ENG"]
[SourceDate "2008.10.04"]

1. d4 d5 2. c4 e6 3. Nc3 f5 4. g3 c6 5. Bg2 Bd6 6. Nf3 Nf6 7. O-O O-O 8. b3
Nbd7 9. Bb2 Ne4 10. Qc1 Qe7 11. a4 Nxc3 12. Qxc3 Nf6 13. Ne5 Bd7 14. f3 Be8 15.
c5 Bc7 16. Rae1 g5 17. e4 Bxe5 18. dxe5 Nd7 19. exd5 cxd5 20. Ba3 Rf7 21. b4
Qd8 22. f4 Nf8 23. b5 gxf4 24. gxf4 Ng6 25. Qd4 Rg7 26. Re3 a6 27. c6 bxc6 28.
b6 a5 29. Bd6 Qc8 30. Rg3 Qb7 31. Qc5 Bd7 32. Rff3 Be8 33. Kf2 Ra6 34. Bc7 Rxc7
35. bxc7 Qxc7 36. h4 Kf7 37. h5 Ne7 38. h6 Qb6 39. Qxb6 Rxb6 40. Rg7+ Kf8 41.
Rxh7 Ng6 42. Ra7 Rb2+ 43. Kg1 c5 44. Rg3 Kg8 45. Ra8 Kh7 46. Ra7+ Kh8 47. Ra8
Nxf4 48. Rg7 Rxg2+ 49. Rxg2 Nxg2 50. Kxg2 Kh7 51. Rxe8 Kxh6 52. Rxe6+ Kg5 53.
Kf3 1-0

[Event "4NCL/Div3/FCA2 vs. KJCAK"]
[Site "Hinckley Island ENG"]
[Date "2009.03.22"]
[Round "8.5"]
[White "Matthews, Adrian"]
[Black "Gahir, Jasdeep"]
[Result "1-0"]
[WhiteElo "1924"]
[BlackElo "1872"]
[PlyCount "33"]
[EventDate "2009.03.22"]
[EventCountry "ENG"]
[SourceDate "2008.10.04"]

1. e4 c5 2. c3 d5 3. exd5 Qxd5 4. d4 Nf6 5. Nf3 Bg4 6. Nbd2 cxd4 7. Bc4 Qd6 8.
Qb3 Nc6 9. Bxf7+ Kd8 10. O-O e6 11. Re1 Na5 12. Qa4 Nc6 13. Nc4 Qd5 14. Nb6
axb6 15. Qxa8+ Ke7 16. Qxb7+ Nd7 17. Nxd4 1-0

[Event "4NCL/Div3/FCA2 vs. KJCAK"]
[Site "Hinckley Island ENG"]
[Date "2009.03.22"]
[Round "8.6"]
[White "Maguire, Robert"]
[Black "Shaw, John S"]
[Result "1/2-1/2"]
[WhiteElo "1702"]
[BlackElo "1895"]
[PlyCount "61"]
[EventDate "2009.03.22"]
[EventCountry "ENG"]
[SourceDate "2008.10.04"]

1. e4 c5 2. Nf3 Nc6 3. d4 cxd4 4. Nxd4 Nf6 5. Nc3 e5 6. Ndb5 d6 7. Bg5 a6 8.
Na3 b5 9. Nd5 Be7 10. Bxf6 Bxf6 11. c3 O-O 12. Nc2 Rb8 13. a4 bxa4 14. Ncb4
Nxb4 15. Nxb4 Bd7 16. Bxa6 Qb6 17. Bd3 d5 18. Nxd5 Qxb2 19. Bc2 Be6 20. O-O
Bxd5 21. exd5 Qxc3 22. Bxa4 Qd4 23. Qxd4 exd4 24. Rab1 Rxb1 25. Rxb1 Rd8 26.
Bc6 Be5 27. g3 Rb8 28. Ra1 g6 29. f4 Bd6 30. Kf1 h5 31. Ra2 1/2-1/2

[Event "4NCL/Div3/HACK vs. OXF2"]
[Site "Hinckley Island ENG"]
[Date "2009.03.22"]
[Round "8.1"]
[White "Chin, Francis"]
[Black "Bruce, Dave"]
[Result "1-0"]
[WhiteElo "2236"]
[BlackElo "2091"]
[PlyCount "67"]
[EventDate "2009.03.22"]
[EventCountry "ENG"]
[SourceDate "2008.10.04"]

1. d4 Nf6 2. Nf3 g6 3. c4 Bg7 4. g3 d6 5. Bg2 O-O 6. O-O Nc6 7. Nc3 a6 8. h3
Rb8 9. e4 Bd7 10. Qe2 e5 11. dxe5 dxe5 12. Rd1 Qc8 13. Kh2 Be6 14. Nd5 Re8 15.
Bg5 Bxd5 16. cxd5 Na7 17. Rac1 Qd7 18. Qc2 Rbc8 19. Bxf6 Bxf6 20. h4 Qb5 21.
Bh3 Rcd8 22. Qc5 Qxc5 23. Rxc5 Nb5 24. a4 Nd6 25. Nd2 Re7 26. Rdc1 Bg7 27. Rxc7
Rxc7 28. Rxc7 Bh6 29. Nc4 Nxe4 30. Nxe5 Rxd5 31. Nxf7 Bf8 32. Be6 Rc5 33. Ng5+
Kh8 34. Rxh7# 1-0

[Event "4NCL/Div3/HACK vs. OXF2"]
[Site "Hinckley Island ENG"]
[Date "2009.03.22"]
[Round "8.2"]
[White "Chapman, Graham W"]
[Black "Reid, John"]
[Result "0-1"]
[WhiteElo "2080"]
[BlackElo "2230"]
[PlyCount "80"]
[EventDate "2009.03.22"]
[EventCountry "ENG"]
[SourceDate "2008.10.04"]

1. Nf3 Nf6 2. g3 g6 3. Bg2 Bg7 4. c4 O-O 5. Nc3 d6 6. O-O Nc6 7. d3 e5 8. Rb1
a5 9. a3 Re8 10. Nd2 Be6 11. b4 axb4 12. axb4 d5 13. b5 Ne7 14. cxd5 Nexd5 15.
Qc2 Nxc3 16. Qxc3 e4 17. Qc2 exd3 18. Qxd3 Bf5 19. Qxd8 Raxd8 20. Rb4 Rxe2 21.
Bxb7 Rexd2 22. Bxd2 Rxd2 23. Bf3 Bf8 24. Rb3 Bc5 25. Kg2 h5 26. h3 Bb6 27. g4
hxg4 28. hxg4 Bd3 29. Rd1 Rxf2+ 30. Kg3 Bc4 31. Rb4 Be6 32. Rd3 Rc2 33. Bd1 Ra2
34. Bf3 Kg7 35. Kf4 Bc5 36. Rb1 Ra4+ 37. Kg3 Nxg4 38. Rc1 Bb6 39. Rdc3 Nf6 40.
R1c2 Rb4 0-1

[Event "4NCL/Div3/HACK vs. OXF2"]
[Site "Hinckley Island ENG"]
[Date "2009.03.22"]
[Round "8.3"]
[White "Lee, Martin"]
[Black "Hadi, Justin"]
[Result "1-0"]
[WhiteElo "2050"]
[BlackElo "2015"]
[PlyCount "75"]
[EventDate "2009.03.22"]
[EventCountry "ENG"]
[SourceDate "2008.10.04"]

1. d4 Nf6 2. c4 c5 3. d5 b5 4. cxb5 a6 5. bxa6 g6 6. b3 Bg7 7. Bb2 d6 8. g3 O-O
9. Bg2 Nbd7 10. Nh3 Rxa6 11. O-O Bb7 12. Nc3 Qa8 13. e4 Ne8 14. Qd2 Nc7 15. Na4
Nb5 16. Bxg7 Kxg7 17. Nf4 Nd4 18. Ne2 Nxe2+ 19. Qxe2 Nf6 20. Nc3 Ra3 21. Qb2
Qa5 22. Nb5 Rxa2 23. Rxa2 Qxb5 24. Rfa1 Rb8 25. Bf1 Qb6 26. Bc4 Kg8 27. Qe2 Nd7
28. f4 Qc7 29. Ra7 Kg7 30. Ba6 f6 31. Rxb7 Rxb7 32. Bxb7 Qxb7 33. Qc4 Qb8 34.
Ra5 Qb6 35. Qb5 Qc7 36. Ra6 Kf7 37. Qc6 Qd8 38. Ra8 1-0

[Event "4NCL/Div3/HACK vs. OXF2"]
[Site "Hinckley Island ENG"]
[Date "2009.03.22"]
[Round "8.4"]
[White "Duggan, Chris"]
[Black "Donnelly, Terence"]
[Result "1/2-1/2"]
[WhiteElo "2044"]
[BlackElo "2000"]
[PlyCount "57"]
[EventDate "2009.03.22"]
[EventCountry "ENG"]
[SourceDate "2008.10.04"]

1. e4 c6 2. d4 d5 3. e5 Bf5 4. Ne2 e6 5. Ng3 Bg6 6. Be2 Ne7 7. Nd2 Nf5 8. Nxf5
Bxf5 9. Nf1 c5 10. Ng3 Bg6 11. Be3 cxd4 12. Bxd4 Nc6 13. O-O Qc7 14. c3 Be7 15.
f4 Nxd4 16. cxd4 O-O 17. Qb3 Qb6 18. Qxb6 axb6 19. Bf3 Bd3 20. Rfd1 Bb5 21. f5
Bg5 22. Be2 Bd7 23. fxe6 fxe6 24. Rd3 Ra4 25. Rb3 Rxd4 26. Rxb6 Bc8 27. Bf3 Rc4
28. Rb3 Be7 29. Rd1 1/2-1/2

[Event "4NCL/Div3/HACK vs. OXF2"]
[Site "Hinckley Island ENG"]
[Date "2009.03.22"]
[Round "8.5"]
[White "Shaw, Dashiell L"]
[Black "Rawlinson, Chris"]
[Result "1-0"]
[WhiteElo "1940"]
[BlackElo "2047"]
[PlyCount "65"]
[EventDate "2009.03.22"]
[EventCountry "ENG"]
[SourceDate "2008.10.04"]

1. e4 e6 2. d4 d5 3. Nd2 Nf6 4. e5 Nfd7 5. Bd3 c5 6. c3 Nc6 7. Ne2 cxd4 8. cxd4
f6 9. exf6 Nxf6 10. Nf3 Bd6 11. O-O O-O 12. Bf4 Ng4 13. Bg3 e5 14. dxe5 Ngxe5
15. Nxe5 Bxe5 16. Qb3 Qf6 17. Bxe5 Nxe5 18. Be4 Kh8 19. Bxd5 Bf5 20. Rad1 Rad8
21. Ng3 Bc8 22. Ne4 Qe7 23. Qg3 Rf5 24. Bb3 Rdf8 25. Rde1 b6 26. Bc2 Ba6 27.
Nc3 Rg5 28. Qh3 h6 29. f4 Rxf4 30. Rxf4 Nf3+ 31. Qxf3 Qxe1+ 32. Qf1 Bxf1 33.
Rf8# 1-0

[Event "4NCL/Div3/HACK vs. OXF2"]
[Site "Hinckley Island ENG"]
[Date "2009.03.22"]
[Round "8.6"]
[White "Ludbrook, Matt"]
[Black "Vives, Pepe"]
[Result "1-0"]
[WhiteElo "2011"]
[BlackElo "1840"]
[PlyCount "57"]
[EventDate "2009.03.22"]
[EventCountry "ENG"]
[SourceDate "2008.10.04"]

1. e4 e6 2. d4 d5 3. Nd2 Nf6 4. e5 Nfd7 5. Bd3 c5 6. c3 Nc6 7. Ne2 cxd4 8. cxd4
f6 9. exf6 Nxf6 10. Nf3 Qc7 11. O-O Bd6 12. g3 O-O 13. Bf4 e5 14. dxe5 Nxe5 15.
Nxe5 Bxe5 16. Rc1 Qd6 17. Kg2 Qe6 18. Bxe5 Qh3+ 19. Kf3 Qh5+ 20. Kg2 Bh3+ 21.
Kg1 Qxe5 22. Re1 Ne4 23. Nf4 Rxf4 24. gxf4 Qxf4 25. Bxe4 Qg5+ 26. Kh1 dxe4 27.
Qb3+ Be6 28. Qxe6+ Kh8 29. Rc8+ 1-0

[Event "4NCL/Div3/LIT2 vs. NOTT1"]
[Site "Hinckley Island ENG"]
[Date "2009.03.22"]
[Round "8.1"]
[White "Bingham, James T"]
[Black "Richmond, Robert J"]
[Result "0-1"]
[WhiteElo "1945"]
[BlackElo "2223"]
[PlyCount "74"]
[EventDate "2009.03.22"]
[EventCountry "ENG"]
[SourceDate "2008.10.04"]

1. d4 f5 2. c4 Nf6 3. Nc3 d6 4. g3 g6 5. Bg2 Bg7 6. Bg5 Nbd7 7. d5 O-O 8. Nf3
h6 9. Be3 Ne5 10. Nxe5 dxe5 11. Qd2 Ng4 12. Bc5 a6 13. e4 b6 14. Ba3 f4 15. O-O
Kh7 16. h3 Nf6 17. gxf4 Nh5 18. fxe5 Bxe5 19. Ne2 Nf4 20. Nxf4 Rxf4 21. Rae1
Qf8 22. Re3 Qf6 23. b4 Bd7 24. Bc1 a5 25. Ra3 g5 26. Qe2 Rh4 27. c5 g4 28. f4
Bd4+ 29. Kh2 gxh3 30. Bh1 Rg8 31. e5 Rg2+ 32. Bxg2 hxg2+ 33. Kxg2 Qg6+ 34. Rg3
Bh3+ 35. Kf3 Qh5+ 36. Ke4 Qxe2+ 37. Kxd4 Qxf1 0-1

[Event "4NCL/Div3/LIT2 vs. NOTT1"]
[Site "Hinckley Island ENG"]
[Date "2009.03.22"]
[Round "8.2"]
[White "Levens, David"]
[Black "Ireland, David J"]
[Result "0-1"]
[WhiteElo "2009"]
[BlackElo "1997"]
[PlyCount "114"]
[EventDate "2009.03.22"]
[EventCountry "ENG"]
[SourceDate "2008.10.04"]

1. e4 c5 2. Nf3 d6 3. d4 cxd4 4. Nxd4 Nf6 5. Nc3 g6 6. Be3 Bg7 7. f3 O-O 8. Qd2
Nc6 9. Bc4 Bd7 10. O-O-O Rb8 11. h4 h5 12. Bh6 Ne5 13. Be2 Qc7 14. Kb1 Rfc8 15.
Bxg7 Kxg7 16. g4 b5 17. gxh5 Nxh5 18. Rdg1 Nc4 19. Bxc4 Qxc4 20. Nf5+ Bxf5 21.
exf5 Qf4 22. Qxf4 Nxf4 23. Rg4 Rc4 24. Rhg1 Kh6 25. fxg6 Nxg6 26. Rxc4 bxc4 27.
Rg4 Ne5 28. Rf4 Rg8 29. a4 Rg1+ 30. Ka2 Rc1 31. Nd5 Rxc2 32. Ne3 Nd3 33. Rxc4
Rxb2+ 34. Ka3 Rb7 35. Rd4 Nc5 36. Nd5 e6 37. Nb4 d5 38. a5 Nd7 39. a6 Rc7 40.
Rf4 f6 41. Ka4 e5 42. Rg4 d4 43. Nd5 Rc4+ 44. Kb3 Rc6 45. Ne7 Rc3+ 46. Kb4 Rxf3
47. Nc6 d3 48. Nxa7 d2 49. Rg1 Rd3 50. Rd1 Nb8 51. Kb5 e4 52. Kc4 Nxa6 53. Nb5
f5 54. Nd4 f4 55. Ne2 f3 56. Ng3 f2 57. Nf1 Kh5 0-1

[Event "4NCL/Div3/LIT2 vs. NOTT1"]
[Site "Hinckley Island ENG"]
[Date "2009.03.22"]
[Round "8.3"]
[White "Hewitt, Sean D"]
[Black "Truman, Richard G"]
[Result "1/2-1/2"]
[WhiteElo "1995"]
[BlackElo "2028"]
[PlyCount "61"]
[EventDate "2009.03.22"]
[EventCountry "ENG"]
[SourceDate "2008.10.04"]

1. e4 c5 2. Nc3 Nc6 3. f4 g6 4. Nf3 Bg7 5. Bb5 Nd4 6. O-O Nxb5 7. Nxb5 Nf6 8.
d3 O-O 9. Nc3 d5 10. e5 Ne8 11. Qe1 f6 12. Qh4 Nc7 13. Bd2 Ne6 14. f5 gxf5 15.
Bh6 d4 16. Ne2 Qd5 17. Bxg7 Kxg7 18. Ng3 fxe5 19. Qxe7+ Kh8 20. Rae1 Qd8 21.
Qxd8 Nxd8 22. Rxe5 b6 23. Nh4 Nc6 24. Re2 f4 25. Ne4 Bg4 26. Ref2 Nb4 27. Rxf4
Rxf4 28. Rxf4 Be2 29. Rf2 Bd1 30. c3 Nxa2 31. cxd4 1/2-1/2

[Event "4NCL/Div3/LIT2 vs. NOTT1"]
[Site "Hinckley Island ENG"]
[Date "2009.03.22"]
[Round "8.4"]
[White "Kingston, Ian"]
[Black "Deacon, Paul"]
[Result "1-0"]
[WhiteElo "2023"]
[BlackElo "1930"]
[PlyCount "95"]
[EventDate "2009.03.22"]
[EventCountry "ENG"]
[SourceDate "2008.10.04"]

1. e4 d5 2. exd5 Qxd5 3. Nf3 Nf6 4. b3 Bg4 5. Nc3 Qe6+ 6. Qe2 Qxe2+ 7. Bxe2 e6
8. Ne5 Bxe2 9. Nxe2 Bd6 10. Nc4 Be7 11. Bb2 Nc6 12. O-O O-O 13. Ne5 Nxe5 14.
Bxe5 Rfd8 15. d4 Rd7 16. c3 Rad8 17. Rfd1 Ng4 18. Bf4 e5 19. f3 exf4 20. fxg4
g5 21. Rac1 c5 22. Rc2 cxd4 23. Nxd4 Bc5 24. Rcd2 Kg7 25. Kf1 Bxd4 26. Rxd4
Rxd4 27. Rxd4 Rc8 28. c4 Rc7 29. Ke2 Re7+ 30. Kd2 h5 31. gxh5 Kh6 32. b4 Kxh5
33. c5 f5 34. b5 Rc7 35. Rc4 Kg4 36. c6 bxc6 37. bxc6 Kh5 38. Kd3 Kg6 39. Kd4
g4 40. Kd5 Kg5 41. Kd6 Rc8 42. Kd7 Rh8 43. c7 f3 44. gxf3 gxf3 45. h4+ Kf6 46.
Rf4 Ke5 47. Rxf3 Ke4 48. Rc3 1-0

[Event "4NCL/Div3/LIT2 vs. NOTT1"]
[Site "Hinckley Island ENG"]
[Date "2009.03.22"]
[Round "8.5"]
[White "Watkinson, Phil K"]
[Black "Combie, Alexander"]
[Result "1-0"]
[WhiteElo "1950"]
[BlackElo "1950"]
[PlyCount "109"]
[EventDate "2009.03.22"]
[EventCountry "ENG"]
[SourceDate "2008.10.04"]

1. d4 d5 2. c4 e6 3. Nc3 c6 4. cxd5 exd5 5. Qc2 Bd6 6. Nf3 Ne7 7. e4 dxe4 8.
Nxe4 Bb4+ 9. Bd2 Bxd2+ 10. Qxd2 O-O 11. Bc4 Bf5 12. Ng3 Bg6 13. h4 Nf5 14. h5
Nxg3 15. fxg3 Be4 16. O-O-O Bd5 17. h6 g6 18. Qc3 Bxc4 19. d5 f6 20. Qxc4 Kh8
21. d6 Nd7 22. Rhe1 Nb6 23. Qe6 Qe8 24. Qe7 Qf7 25. d7 Qxe7 26. Rxe7 Rad8 27.
Rd6 Nc4 28. Rde6 Nb6 29. Rd6 Nc4 30. Rd4 Nb6 31. Nd2 Nd5 32. Rg7 Ne3 33. g4 f5
34. Nf3 c5 35. Rd3 Nxg4 36. Ng5 Nxh6 37. Rxh7+ Kg8 38. Rxh6 Kg7 39. Ne6+ Kf7
40. Nxf8 Rxf8 41. d8=Q Rxd8 42. Rxd8 Kf6 43. Rd6+ Kg5 44. Rhxg6+ Kf4 45. Kd2
Ke5 46. g3 f4 47. gxf4+ Kxf4 48. Rde6 Kf5 49. Rgf6+ Kg5 50. Rf1 c4 51. Re8 Kg6
52. Rg8+ Kh7 53. Rg2 c3+ 54. Kxc3 Kh6 55. Rh1# 1-0

[Event "4NCL/Div3/LIT2 vs. NOTT1"]
[Site "Hinckley Island ENG"]
[Date "2009.03.22"]
[Round "8.6"]
[White "Place, William"]
[Black "Turvey, Steven"]
[Result "0-1"]
[WhiteElo "1965"]
[BlackElo "1915"]
[PlyCount "103"]
[EventDate "2009.03.22"]
[EventCountry "ENG"]
[SourceDate "2008.10.04"]

1. e4 e5 2. f4 exf4 3. Bc4 d6 4. d4 Qh4+ 5. Kf1 Nf6 6. Nf3 Bg4 7. Nc3 Bxf3 8.
Qxf3 Qg4 9. Qxg4 Nxg4 10. Nd5 Kd8 11. Nxf4 g5 12. Nd5 Be7 13. Nxe7 Kxe7 14. h3
Nf6 15. Bxg5 Rg8 16. Bh4 Nbd7 17. e5 dxe5 18. dxe5 Nxe5 19. Re1 Kd6 20. Rd1+
Kc6 21. Bb3 Nfd7 22. Kf2 Rg6 23. Rhe1 Rag8 24. Bd5+ Kb6 25. Re3 c6 26. Be4 Rh6
27. Bg3 f6 28. Bf4 Rh4 29. g3 Rxh3 30. Rb3+ Ka6 31. Bf5 Rh2+ 32. Kg1 Rh4 33.
Rd4 Nc5 34. Ra3+ Kb5 35. b4 Rh5 36. Bxe5 fxe5 37. Rg4 Rxg4 38. Bxg4 Rg5 39.
Be2+ Kxb4 40. Rxa7 Rxg3+ 41. Kf2 Ra3 42. Rxa3 Kxa3 43. Kf3 Kxa2 44. Kg4 Kb2 45.
c4 Kc3 46. Kf5 e4 47. Ke5 Kd2 48. Bg4 e3 49. Kd6 Nd3 50. Kc7 e2 51. Bxe2 Kxe2
52. c5 0-1

[Event "4NCL/Div3/FPONTY vs. SSC"]
[Site "Hinckley Island ENG"]
[Date "2009.03.22"]
[Round "8.1"]
[White "Sully, David"]
[Black "Salimbeni, George"]
[Result "0-1"]
[WhiteElo "2135"]
[BlackElo "2100"]
[PlyCount "80"]
[EventDate "2009.03.22"]
[EventCountry "ENG"]
[SourceDate "2008.10.04"]

1. e4 d5 2. exd5 Qxd5 3. Nc3 Qd6 4. d4 Nf6 5. Nf3 a6 6. g3 Bg4 7. Bg2 Nc6 8.
O-O O-O-O 9. h3 Bh5 10. Bf4 Qb4 11. g4 Bg6 12. a3 Qxb2 13. Qe1 Qxc2 14. Rc1 Qb3
15. Ne5 Rxd4 16. Nxc6 Rxf4 17. Qd2 bxc6 18. Qxf4 e6 19. Bxc6 Bxa3 20. Ba4 Bxc1
21. Rxc1 Qb6 22. g5 Nh5 23. Qf3 Rd8 24. Qa8+ Qb8 25. Qxa6+ Qb7 26. Qc4 Bd3 27.
Qg4 Qb2 28. Rd1 Qxc3 29. Qxh5 Bg6 30. Rxd8+ Kxd8 31. Qg4 Bf5 32. Qf4 Qe1+ 33.
Kh2 Qe4 34. Qd2+ Qd3 35. Qa5 Qxh3+ 36. Kg1 Qg4+ 37. Kh2 Qh4+ 38. Kg1 Qxg5+ 39.
Kh2 Qh4+ 40. Kg1 Qg4+ 0-1

[Event "4NCL/Div3/FPONTY vs. SSC"]
[Site "Hinckley Island ENG"]
[Date "2009.03.22"]
[Round "8.2"]
[White "Fryer, David W"]
[Black "Adams, Mark A"]
[Result "1/2-1/2"]
[WhiteElo "2080"]
[BlackElo "2033"]
[PlyCount "68"]
[EventDate "2009.03.22"]
[EventCountry "ENG"]
[SourceDate "2008.10.04"]

1. e4 c5 2. Nc3 a6 3. g3 b5 4. Bg2 Bb7 5. d3 e6 6. Nf3 d6 7. O-O g6 8. Be3 Bg7
9. Qd2 Nc6 10. Nd1 Nge7 11. Bh6 O-O 12. Bxg7 Kxg7 13. h4 h5 14. Ng5 Ne5 15. f4
Ng4 16. Nf2 Qd7 17. Rae1 Nxf2 18. Rxf2 b4 19. Bh3 Rae8 20. f5 exf5 21. exf5
Nxf5 22. Rxe8 Rxe8 23. Bxf5 gxf5 24. Nh3 Qe7 25. Rxf5 Qe1+ 26. Qxe1 Rxe1+ 27.
Kf2 Re5 28. Rxe5 dxe5 29. Ng5 Bd5 30. Ke3 f5 31. a3 a5 32. axb4 axb4 33. c3
bxc3 34. bxc3 Kf6 1/2-1/2